| 000 | 00646nam a2200229Ia 4500 | ||
|---|---|---|---|
| 003 | OSt | ||
| 005 | 20221007071730.0 | ||
| 006 | a|||||r|||| 00| 0 | ||
| 007 | ta | ||
| 008 | 221006b |||||||| |||| 00| 0 eng d | ||
| 024 | _a1,635 | ||
| 037 | _cReference Collections | ||
| 040 |
_aFLL _cFLL _beng |
||
| 041 |
_2eng _aeng |
||
| 082 | _aZ1, K42 | ||
| 100 | _aWhitaker Urban G. | ||
| 245 | 0 |
_aPolitics and power _b A text in international law |
|
| 260 |
_aLondon _bHarper & Row UK _c1964 |
||
| 650 | _aPublic international law | ||
| 942 |
_hZ1, K42 _cREF _2CC |
||
| 999 |
_c1144095 _d1144095 |
||